[Event "Kesan op"]
[Site "Kesan"]
[Date "2023.08.03"]
[Round "4"]
[White "Gulceken, Sumeyye"]
[Black "Yurtseven, Muhammet Ali"]
[Result "1/2-1/2"]
[WhiteElo "1546"]
[BlackElo "1378"]
[PlyCount "27"]
[EventDate "2023.08.01"]
[EventType "swiss"]
[EventRounds "9"]
[EventCountry "TUR"]
[SourceTitle "CBM 215 Extra"]
[Source "ChessBase"]
[SourceDate "2023.09.30"]
[SourceVersion "1"]
[SourceVersionDate "2023.09.30"]
[SourceQuality "1"]

1. d4 Nf6 2. c4 g6 3. Nc3 Bg7 4. e4 d6 5. Be2 0-0 6. h4 h5 7. Nf3 c5 8. d5 Bg4 9. Bf4 Nbd7 10. 0-0 Nh7 11. Ng5 Bxe2 12. Qxe2 Nxg5 13. Bxg5 f6 14. Bf4 1/2-1/2

[Event "TUR-chT 2nd League"]
[Site "Denizli"]
[Date "2023.07.12"]
[Round "6.85"]
[White "Gulceken, Sumeyye"]
[Black "Esti, Kubra Selenay"]
[Result "0-1"]
[WhiteElo "1592"]
[BlackElo "1676"]
[PlyCount "52"]
[EventDate "2023.07.09"]
[EventType "team-swiss"]
[EventRounds "9"]
[EventCountry "TUR"]
[SourceTitle "CBM 215 Extra"]
[Source "ChessBase"]
[SourceDate "2023.09.30"]
[SourceVersion "1"]
[SourceVersionDate "2023.09.30"]
[SourceQuality "1"]
[WhiteTeam "Ordu Gul Bahcesi"]
[BlackTeam "Manisa Turkuaz"]
[WhiteTeamCountry "TUR"]
[BlackTeamCountry "TUR"]

1. d4 g6 2. c4 Bg7 3. e4 d6 4. Nc3 Nc6 5. Be3 Nf6 6. Be2 0-0 7. f4 Re8 8. d5 Nb8 9. e5 Nfd7 10. e6 fxe6 11. dxe6 Nf8 12. f5 gxf5 13. Bh5 Ng6 14. Qd5 Rf8 15. Qf3 Bxe6 16. Qxb7 Nd7 17. Bxa7 Bxc4 18. Bf3 Rc8 19. Qb4 Nde5 20. 0-0-0 c6 21. Be2 Bxe2 22. Ngxe2 Qd7 23. Qb3+ Kh8 24. Bf2 Rb8 25. Qc2 Nc4 26. Na4 Bh6+ 0-1

[Event "TUR-chT 2nd League"]
[Site "Denizli"]
[Date "2023.07.09"]
[Round "1.135"]
[White "Akin, Duru"]
[Black "Gulceken, Sumeyye"]
[Result "1-0"]
[WhiteElo "1616"]
[BlackElo "1592"]
[PlyCount "52"]
[EventDate "2023.07.09"]
[EventType "team-swiss"]
[EventRounds "9"]
[EventCountry "TUR"]
[SourceTitle "CBM 215 Extra"]
[Source "ChessBase"]
[SourceDate "2023.09.30"]
[SourceVersion "1"]
[SourceVersionDate "2023.09.30"]
[SourceQuality "1"]
[WhiteTeam "Afyonkarahisar Basari"]
[BlackTeam "Ordu Gul Bahcesi"]
[WhiteTeamCountry "TUR"]
[BlackTeamCountry "TUR"]

1. e4 c5 2. Nf3 e6 3. d4 cxd4 4. Nxd4 Bc5 5. Be3 Qb6 6. Na3 Nf6 7. Nc4 Qd8 8. Nb5 Bxe3 9. Ncd6+ Kf8 10. fxe3 Nc6 11. e5 Nd5 12. e4 Nde7 13. Qh5 Ng6 14. 0-0-0 Ncxe5 15. Bc4 a6 16. Nd4 Nxc4 17. Nxc4 Qc7 18. Ne3 Qf4 19. Rhe1 Qxe4 20. Qc5+ Kg8 21. Nc4 Qf4+ 22. Kb1 Qb8 23. Nb6 d6 24. Qc3 h6 25. Nxa8 Qxa8 26. Qc7 d5 1-0

[Event "TUR-ch (Women)"]
[Site "Ayvalik"]
[Date "2022.03.09"]
[Round "7"]
[White "Gulceken, Sumeyye"]
[Black "Senkal, Defne"]
[Result "1-0"]
[WhiteElo "1599"]
[BlackElo "1176"]
[PlyCount "69"]
[EventDate "2022.03.05"]
[EventType "swiss"]
[EventRounds "9"]
[EventCountry "TUR"]
[SourceTitle "EXT 2023"]
[Source "ChessBase"]
[SourceDate "2022.10.05"]
[SourceVersion "1"]
[SourceVersionDate "2022.10.05"]
[SourceQuality "1"]

1. d4 Nf6 2. c4 e6 3. Nc3 Bb4 4. e3 d5 5. Nf3 0-0 6. Bd3 Ne4 7. Qc2 f5 8. 0-0 b6 9. cxd5 exd5 10. Nxd5 Bd6 11. Nc3 Nxc3 12. bxc3 Qf6 13. e4 Qg6 14. e5 Be7 15. d5 Bb7 16. c4 Na6 17. Qe2 Nc5 18. Bc2 Rae8 19. Nd4 c6 20. Qf3 cxd5 21. cxd5 Ne4 22. Bb3 Kh8 23. Ne6 Rf7 24. Nf4 Qg5 25. Qh3 Bc5 26. d6 Rd7 27. Ba4 Nxf2 28. Rxf2 Rxe5 29. Nd3 Bxf2+ 30. Kxf2 Qf6 31. Bxd7 Rd5 32. Qe3 h6 33. Bb2 Qxd6 34. Be6 Rxd3 35. Qxh6# 1-0

[Event "TUR-ch (Women)"]
[Site "Ayvalik"]
[Date "2022.03.09"]
[Round "6"]
[White "Gulceken, Sumeyye"]
[Black "Topal, Berfin"]
[Result "1-0"]
[WhiteElo "1599"]
[BlackElo "1276"]
[PlyCount "81"]
[EventDate "2022.03.05"]
[EventType "swiss"]
[EventRounds "9"]
[EventCountry "TUR"]
[SourceTitle "EXT 2023"]
[Source "ChessBase"]
[SourceDate "2022.10.05"]
[SourceVersion "1"]
[SourceVersionDate "2022.10.05"]
[SourceQuality "1"]

1. d4 d5 2. c4 e6 3. Nc3 Nf6 4. Nf3 Nbd7 5. e3 b6 6. Bd3 Bb7 7. cxd5 Nxd5 8. e4 Nxc3 9. bxc3 Nf6 10. Qa4+ Qd7 11. Bb5 c6 12. Bd3 b5 13. Qc2 a6 14. Bg5 Be7 15. 0-0 h6 16. Be3 0-0 17. Rfd1 Rfd8 18. Qc1 Bf8 19. Ne5 Qc7 20. c4 Rac8 21. c5 Nd7 22. Nf3 e5 23. a4 Kh7 24. d5 cxd5 25. exd5+ g6 26. c6 Ba8 27. axb5 Qd6 28. Qb1 Nf6 29. Rxa6 Nxd5 30. Be4 Nc3 31. Rxd6 Nxb1 32. Rxd8 Rxd8 33. h4 Nc3 34. c7 Rc8 35. Rxa8 Rxc7 36. Rxf8 Nxe4 37. Nxe5 Nd6 38. b6 Rb7 39. Bc5 Ne4 40. Bd4 Nd6 41. Nc4 1-0

[Event "TUR-ch (Women)"]
[Site "Ayvalik"]
[Date "2022.03.06"]
[Round "2"]
[White "Gulceken, Sumeyye"]
[Black "Catal, Uktenur"]
[Result "0-1"]
[WhiteElo "1599"]
[BlackElo "1809"]
[PlyCount "94"]
[EventDate "2022.03.05"]
[EventType "swiss"]
[EventRounds "9"]
[EventCountry "TUR"]
[SourceTitle "EXT 2023"]
[Source "ChessBase"]
[SourceDate "2022.10.05"]
[SourceVersion "1"]
[SourceVersionDate "2022.10.05"]
[SourceQuality "1"]

1. d4 Nf6 2. c4 g6 3. Nf3 Bg7 4. e3 0-0 5. Nbd2 c5 6. Be2 cxd4 7. exd4 d5 8. c5 b6 9. Nb3 Ne4 10. cxb6 axb6 11. 0-0 Nc6 12. Be3 Bb7 13. a3 Qd6 14. Rc1 Rfc8 15. Bb5 h6 16. Ne1 Qf6 17. f3 Nd6 18. Be2 Nf5 19. Bf2 Ncxd4 20. Rxc8+ Rxc8 21. Nxd4 Nxd4 22. Bd3 Nf5 23. b3 e5 24. Nc2 Bf8 25. b4 d4 26. Re1 Bg7 27. f4 exf4 28. Bxf5 Qxf5 29. Nxd4 Bxd4 30. Qxd4 Qg5 31. g3 fxg3 32. Bxg3 Rd8 33. Qe5 Qg4 34. Qe7 Qd4+ 35. Qe3 Qd5 36. Re2 Rc8 37. Kf1 Ba6 38. Kf2 Bxe2 39. Qxe2 Qf5+ 40. Kg1 Rc1+ 41. Be1 Qg5+ 42. Kf2 Rc8 43. Bd2 Qf5+ 44. Qf3 Qxf3+ 45. Kxf3 Kh7 46. Ke4 Rc2 47. Be3 b5 0-1

[Event "TUR-chT Clubs"]
[Site "Konya"]
[Date "2019.07.17"]
[Round "3.15"]
[White "Gulceken, Sumeyye"]
[Black "Sahin, Zulal Goksu"]
[Result "1/2-1/2"]
[WhiteElo "1535"]
[BlackElo "1039"]
[PlyCount "97"]
[EventDate "2019.07.16"]
[EventType "team-swiss"]
[EventRounds "9"]
[EventCountry "TUR"]
[SourceTitle "CBM 191 Extra"]
[Source "ChessBase"]
[SourceDate "2019.09.30"]
[SourceVersion "1"]
[SourceVersionDate "2019.09.30"]
[SourceQuality "1"]
[WhiteTeam "Sinop Kultur"]
[BlackTeam "Tokat Ozgem Grup"]
[WhiteTeamCountry "TUR"]
[BlackTeamCountry "TUR"]

1. d4 d5 2. c4 c6 3. Nc3 Nf6 4. e3 Bf5 5. Nf3 e6 6. Qb3 Qc7 7. Ne5 Nbd7 8. cxd5 Nxe5 9. dxe5 Nxd5 10. Nxd5 exd5 11. Be2 Be7 12. Bd2 0-0 13. Bc3 f6 14. exf6 Bxf6 15. 0-0 Qd7 16. Rfd1 Bxc3 17. bxc3 Qf7 18. Rd4 Rab8 19. Rf4 Qg6 20. Rf3 Kh8 21. Rg3 Qe8 22. c4 Qe4 23. cxd5 Qxd5 24. Qc3 Rf6 25. a3 Rbf8 26. Qb4 Qd7 27. e4 Bg6 28. Rd1 Qc7 29. Bf3 c5 30. Qc3 b6 31. Rg5 Rd8 32. Rxd8+ Qxd8 33. Rd5 Rd6 34. Kf1 Rxd5 35. exd5 Bf7 36. Qe5 b5 37. d6 c4 38. Qc5 c3 39. Qxc3 Bc4+ 40. Ke1 Qxd6 41. Qd2 Qe5+ 42. Qe3 Qb8 43. Qc5 h6 44. h3 a5 45. Qe3 b4 46. axb4 Qxb4+ 47. Qd2 Qb1+ 48. Qd1 Qb4+ 49. Qd2 1/2-1/2

[Event "Istanbul op-B"]
[Site "Istanbul"]
[Date "2018.09.08"]
[Round "9"]
[White "Bayramov, Araz"]
[Black "Gulceken, Sumeyye"]
[Result "1-0"]
[WhiteElo "1750"]
[BlackElo "1549"]
[PlyCount "125"]
[EventDate "2018.09.02"]
[EventType "swiss"]
[EventRounds "9"]
[EventCountry "TUR"]
[SourceTitle "CBM 186 Extra"]
[Source "ChessBase"]
[SourceDate "2018.08.24"]
[SourceVersion "1"]
[SourceVersionDate "2018.08.24"]
[SourceQuality "1"]

1. d4 Nf6 2. Bf4 e6 3. Nf3 d5 4. e3 Bd6 5. Ne5 0-0 6. Bd3 c6 7. Nd2 Nbd7 8. Nxf7 Rxf7 9. Bxd6 Qb6 10. Nb3 Ne8 11. Bf4 c5 12. dxc5 Nxc5 13. Nxc5 Qxc5 14. Be5 Qb4+ 15. Bc3 Qh4 16. 0-0 Nf6 17. f3 Bd7 18. Qe1 Qh6 19. Be5 g5 20. c4 dxc4 21. Bxc4 Rc8 22. Bb3 Nd5 23. Rd1 Nb6 24. Rd4 Rf5 25. Bg3 Kf8 26. Qd2 Rf7 27. Rd1 Qf6 28. Qa5 Ra8 29. Bc7 Nd5 30. e4 b6 31. Bd6+ Ne7 32. Qb4 Bc6 33. Bxe7+ Qxe7 34. Qxe7+ Rxe7 35. Rd6 Be8 36. Rxe6 Rxe6 37. Bxe6 Ke7 38. Bf5 h6 39. Kf2 a5 40. Ke3 Ra7 41. Rc1 b5 42. g3 b4 43. h4 gxh4 44. gxh4 a4 45. e5 a3 46. b3 Ra8 47. Rc7+ Kf8 48. Rb7 Ra6 49. Rxb4 Rc6 50. Rc4 Rb6 51. Rc7 Bc6 52. Ra7 Rb5 53. f4 Rc5 54. Rxa3 Rc3+ 55. Kd4 Rf3 56. Kc5 Be8 57. Ra8 Ke7 58. Ra7+ Kf8 59. Kd6 Rxf4 60. Ke6 Rb4 61. Kf6 Rxh4 62. Ra8 Rf4 63. e6 1-0

[Event "Istanbul op-B"]
[Site "Istanbul"]
[Date "2018.09.06"]
[Round "7"]
[White "Kocer, Ahmet Doruk"]
[Black "Gulceken, Sumeyye"]
[Result "1/2-1/2"]
[WhiteElo "1635"]
[BlackElo "1549"]
[PlyCount "119"]
[EventDate "2018.09.02"]
[EventType "swiss"]
[EventRounds "9"]
[EventCountry "TUR"]
[SourceTitle "CBM 186 Extra"]
[Source "ChessBase"]
[SourceDate "2018.08.24"]
[SourceVersion "1"]
[SourceVersionDate "2018.08.24"]
[SourceQuality "1"]

1. e4 e6 2. d4 d5 3. e5 c5 4. c3 Qb6 5. Nf3 Nc6 6. a3 Bd7 7. b4 cxd4 8. cxd4 Be7 9. Be2 f6 10. 0-0 Qc7 11. Bb2 Nh6 12. h3 fxe5 13. Nxe5 Nxe5 14. dxe5 0-0 15. Nd2 Nf5 16. Nf3 Rac8 17. Rc1 Qb6 18. Rxc8 Rxc8 19. Nd4 Rf8 20. Nxf5 Rxf5 21. Bd4 Qc7 22. Qb1 g6 23. Rc1 Qb8 24. Qc2 Bd8 25. Bd3 Rf7 26. g3 a6 27. h4 b5 28. Kg2 Bb6 29. Bxb6 Qxb6 30. Qc5 Qxc5 31. Rxc5 Rf8 32. Rc7 Rf7 33. f4 Be8 34. Rc8 Kf8 35. Kf3 Ra7 36. g4 Ke7 37. Ke3 a5 38. Rb8 axb4 39. axb4 Ra3 40. Rb7+ Kd8 41. Rxh7 Rb3 42. h5 gxh5 43. gxh5 Rxb4 44. h6 d4+ 45. Kd2 Rb2+ 46. Kc1 Rb3 47. Be4 Re3 48. Bg2 Rc3+ 49. Kd2 Bg6 50. Rh8+ Ke7 51. Ba8 Rh3 52. Bc6 b4 53. Rb8 Rxh6 54. Rxb4 Rh2+ 55. Ke1 d3 56. Bf3 d2+ 57. Kd1 Rf2 58. Be2 Bf5 59. Rd4 Bg6 60. Rb4 1/2-1/2

[Event "Istanbul op-B"]
[Site "Istanbul"]
[Date "2018.09.05"]
[Round "6"]
[White "Gulceken, Sumeyye"]
[Black "Acar, Cengiz Can"]
[Result "1-0"]
[WhiteElo "1549"]
[BlackElo "1755"]
[PlyCount "67"]
[EventDate "2018.09.02"]
[EventType "swiss"]
[EventRounds "9"]
[EventCountry "TUR"]
[SourceTitle "CBM 186 Extra"]
[Source "ChessBase"]
[SourceDate "2018.08.24"]
[SourceVersion "1"]
[SourceVersionDate "2018.08.24"]
[SourceQuality "1"]

1. d4 d5 2. c4 c6 3. Nc3 Nf6 4. Nf3 e6 5. e3 Nbd7 6. a4 a5 7. Bd3 Bd6 8. e4 dxe4 9. Nxe4 Nxe4 10. Bxe4 Bb4+ 11. Bd2 Bxd2+ 12. Qxd2 Nf6 13. Bc2 h6 14. 0-0 b6 15. Rfe1 Qd6 16. h3 Bb7 17. Rad1 g5 18. Ne5 Rg8 19. c5 Qc7 20. Nc4 bxc5 21. dxc5 Nd5 22. Nd6+ Kf8 23. h4 Ba6 24. Re5 Rb8 25. hxg5 hxg5 26. Rxg5 Qe7 27. Rxg8+ Kxg8 28. Qh6 Qf6 29. Bh7+ Kh8 30. Nxf7+ Qxf7 31. Bg6+ Kg8 32. Bxf7+ Kxf7 33. Qh7+ Kf6 34. Qa7 1-0

[Event "TUR-chT2"]
[Site "Konya"]
[Date "2018.07.12"]
[Round "4.5"]
[White "Oney, Remel"]
[Black "Gulceken, Sumeyye"]
[Result "1-0"]
[WhiteElo "1910"]
[BlackElo "1530"]
[PlyCount "69"]
[EventDate "2018.07.10"]
[EventType "team-swiss"]
[EventRounds "9"]
[EventCountry "TUR"]
[SourceTitle "EXT 2019"]
[Source "ChessBase"]
[SourceDate "2018.10.10"]
[SourceVersion "1"]
[SourceVersionDate "2018.10.10"]
[SourceQuality "1"]
[WhiteTeam "Izmir Apaydin Dernegi"]
[BlackTeam "Sinop Kultur"]
[WhiteTeamCountry "TUR"]
[BlackTeamCountry "TUR"]

1. d4 Nf6 2. Bf4 e6 3. e3 d5 4. Nd2 c5 5. c3 Qb6 6. Qc2 Nc6 7. Ngf3 Be7 8. Be2 0-0 9. Ne5 Rd8 10. h4 Nd7 11. h5 f5 12. g4 Nf6 13. gxf5 exf5 14. Rg1 Be6 15. Ndf3 Ne4 16. Bh6 Bf8 17. Bxg7 Bxg7 18. h6 Re8 19. Rxg7+ Kh8 20. dxc5 Qxc5 21. Rxb7 Nxe5 22. Nxe5 Qd6 23. f4 Re7 24. Rb4 Bg8 25. 0-0-0 Qxh6 26. Bf3 Rxe5 27. Rh1 Qa6 28. fxe5 Qe6 29. Qh2 Nc5 30. Rh4 Kg7 31. Rxh7+ Bxh7 32. Qxh7+ Kf8 33. Qh8+ Qg8 34. Qxg8+ Kxg8 35. Bxd5+ 1-0

[Event "TUR-chT 2nd League"]
[Site "Konya"]
[Date "2017.07.20"]
[Round "5.7"]
[White "Gulceken, Sumeyye"]
[Black "Ozefe, Begum"]
[Result "1-0"]
[WhiteElo "1469"]
[BlackElo "1403"]
[PlyCount "67"]
[EventDate "2017.07.17"]
[EventType "team-swiss"]
[EventRounds "9"]
[EventCountry "TUR"]
[SourceTitle "CBM 179 Extra"]
[Source "ChessBase"]
[SourceDate "2017.08.23"]
[SourceVersion "1"]
[SourceVersionDate "2017.08.23"]
[SourceQuality "1"]
[WhiteTeam "Altin Hamle Corum"]
[BlackTeam "Gaziantep Sader"]
[WhiteTeamCountry "TUR"]
[BlackTeamCountry "TUR"]

1. d4 d5 2. Nf3 Nf6 3. g3 e6 4. Bg2 Be7 5. 0-0 0-0 6. c4 c6 7. Nc3 Nbd7 8. b3 b6 9. Qc2 Qc7 10. Rd1 h6 11. a4 Ba6 12. Nd2 Rac8 13. e4 dxe4 14. Ncxe4 Nxe4 15. Nxe4 Nf6 16. Bf4 Qd7 17. Nxf6+ Bxf6 18. Be5 Qe7 19. a5 b5 20. c5 Bxe5 21. dxe5 Rc7 22. b4 f6 23. Rd6 Bb7 24. Bh3 fxe5 25. Rxe6 Qg5 26. Re1 Qh5 27. Bg2 Re8 28. Qb3 Rxe6 29. Qxe6+ Qf7 30. Qxe5 Qd7 31. Bh3 Qd8 32. Be6+ Kh8 33. Bf5 Bc8 34. Qe8+ 1-0

[Event "TUR-chT 2nd League"]
[Site "Konya"]
[Date "2017.07.17"]
[Round "1.9"]
[White "Gulceken, Sumeyye"]
[Black "Duru, Ipek"]
[Result "0-1"]
[WhiteElo "1469"]
[BlackElo "1405"]
[PlyCount "88"]
[EventDate "2017.07.17"]
[EventType "team-swiss"]
[EventRounds "9"]
[EventCountry "TUR"]
[SourceTitle "CBM 179 Extra"]
[Source "ChessBase"]
[SourceDate "2017.08.23"]
[SourceVersion "1"]
[SourceVersionDate "2017.08.23"]
[SourceQuality "1"]
[WhiteTeam "Altin Hamle Corum"]
[BlackTeam "Kahramanmaras DSI "]
[WhiteTeamCountry "TUR"]
[BlackTeamCountry "TUR"]

1. d4 Nf6 2. Nf3 b6 3. g3 Bb7 4. Bg2 e6 5. 0-0 c5 6. e3 Be7 7. c4 0-0 8. Nc3 d5 9. b3 Qc7 10. Nb5 Qc8 11. Ba3 Ne4 12. Nd2 a6 13. Bxe4 axb5 14. Bxh7+ Kxh7 15. Qc2+ Kg8 16. Bb2 bxc4 17. bxc4 Qc6 18. cxd5 Qxd5 19. e4 Qc6 20. dxc5 Nd7 21. f3 Qxc5+ 22. Qxc5 Nxc5 23. Bd4 Rfd8 24. Be3 Rd3 25. Rfe1 Raa3 26. Kf2 Rxd2+ 27. Bxd2 Nd3+ 28. Kg2 Nxe1+ 29. Bxe1 Bf6 30. Rd1 Rxa2+ 31. Rd2 Rxd2+ 32. Bxd2 Bd4 33. Bb4 Bc5 34. Bc3 Ba6 35. f4 Bc4 36. Bb2 f6 37. e5 f5 38. h3 Bd5+ 39. Kf1 Bf3 40. Ke1 Kf8 41. Kd2 Ke8 42. Kd3 Kd7 43. Kc4 Kc6 44. h4 g6 0-1